| 000 | 00351nam a2200145Ia 4500 | ||
|---|---|---|---|
| 008 | 230917s9999||||xx |||||||||||||| ||und|| | ||
| 040 |
_e46774 _aMAIN |
||
| 041 | _aEnglish | ||
| 082 | _a822.33 S15J:S | ||
| 100 | _aJump, John, ed. | ||
| 245 | 0 | _aShakespeare Hamlet: A casebook | |
| 260 |
_aLondon _bMacmillan _c1968 |
||
| 300 | _a221 p. | ||
| 942 | _cBK | ||
| 999 |
_c61878 _d61878 |
||